Plus Grandes Villes de France par Lettre - V - Statistiques

Statistiques générales
  • Ce quiz a été pris 329 fois
  • Le résultat moyen est 9 sur 20
Réponses sur la Carte
Les réponses sont colorées sur une échelle allant du rouge au vert en fonction du pourcentage des utilisateurs qui les ont devinées à leur premier essai. Vous pouvez retrouver ces pourcentages ci-dessous.
 
Statistiques - réponses
Population Ville % Correct
54 420 Vannes
92%
64 483 Valence
90%
156 928 Villeurbanne
81%
83 587 Versailles
77%
42 991 Valenciennes
76%
66 363 Vénissieux
51%
31 051 Vienne
50%
96 205 Vitry-sur-Seine
49%
52 139 Vaulx-en-Velin
45%
62 067 Villeneuve-d'Ascq
44%
35 913 Villefranche-sur-Saône
37%
48 798 Vincennes
35%
35 532 Vitrolles
32%
57 753 Villejuif
26%
38 725 Villepinte
21%
31 045 Viry-Châtillon
20%
35 492 Villeneuve-Saint-Georges
18%
40 500 Villenave-d'Ornon
14%
30 669 Villiers-sur-Marne
13%
31 050 Vigneux-sur-Seine
8%
Aucun quiz correspondant
Distribution des résultats
% des personnes avec chaque résultat
Percentile par nombre de réponses
Votre historique - résultats
Vous n’avez pas pris ce quiz